Statistiques concernant Nom aléatoire d'un pays limitrophe

Cliquez ici pour prendre le quiz!

Statistiques générales

  • Ce quiz a été pris 203 fois
  • Le résultat moyen est 23 sur 25

Statistiques - réponses

PaysPays frontaliers% Correct
IranAfghanistan | Arménie | Azerbaïdjan | Irak | Pakistan | Turquie | Turkménistan
100%
IndeAfghanistan | Bangladesh | Bhoutan | Chine | Birmanie | Népal | Pakistan | Sri Lanka
100%
ChineAfghanistan | Bhoutan | Inde | Kazakhstan | Corée du Nord | Kirghizistan | Laos | Mongolie | Birmanie | Népal | Pakistan | Russie | Tadjikistan | Viêt Nam
100%
TadjikistanAfghanistan | Chine | Kirghizistan | Ouzbékistan
100%
TurkménistanAfghanistan | Iran | Kazakhstan | Ouzbékistan
100%
OuzbékistanAfghanistan | Kazakhstan | Kirghizistan | Tadjikistan | Turkménistan
100%
LesothoAfrique du Sud
100%
MonténégroAlbanie | Bosnie-Herzégovine | Croatie | Kosovo | Serbie
100%
Macédoine du NordAlbanie | Bulgarie | Grèce | Kosovo | Serbie
100%
NigerAlgérie | Bénin | Burkina Faso | Tchad | Libye | Mali | Nigeria
100%
MaliAlgérie | Burkina Faso | Côte d'Ivoire | Guinée | Mauritanie | Niger | Sénégal
100%
TunisieAlgérie | Libye
100%
LibyeAlgérie | Tchad | Égypte | Niger | Soudan | Tunisie
100%
DanemarkAllemagne
100%
NamibieAngola | Botswana | Afrique du Sud | Zambie
100%
République démocratique du CongoAngola | Burundi | République Centrafricaine | République du Congo | Rwanda | Soudan du Sud | Tanzanie | Ouganda | Zambie
100%
République du CongoAngola | Cameroun | République Centrafricaine | République démocratique du Congo | Gabon
100%
OmanArabie Saoudite | Émirats arabes unis | Yémen
100%
BrésilArgentine | Bolivie | Colombie | France | Guyana | Paraguay | Pérou | Suriname | Uruguay | Venezuela
100%
ChiliArgentine | Bolivie | Pérou
100%
UruguayArgentine | Brésil
100%
BolivieArgentine | Brésil | Chili | Paraguay | Pérou
100%
TurquieArménie | Azerbaïdjan | Bulgarie | Géorgie | Grèce | Iran | Irak | Syrie
100%
GéorgieArménie | Azerbaïdjan | Russie | Turquie
100%
République tchèqueAutriche | Allemagne | Pologne | Slovaquie
100%
AllemagneAutriche | Belgique | République tchèque | Danemark | France | Luxembourg | Pays-Bas | Pologne | Suisse
100%
SlovénieAutriche | Croatie | Italie | Hongrie
100%
HongrieAutriche | Croatie | Roumanie | Serbie | Slovaquie | Slovénie | Ukraine
100%
ItalieAutriche | France | Saint-Marin | Slovénie | Suisse | Vatican
100%
SlovaquieAutriche | République tchèque | Hongrie | Pologne | Ukraine
100%
LiechtensteinAutriche | Suisse
100%
RussieAzerbaïdjan | Biélorussie | Chine | Estonie | Finlande | Géorgie | Kazakhstan | Corée du Nord | Lettonie | Lituanie | Mongolie | Norvège | Pologne | Ukraine
100%
ArménieAzerbaïdjan | Géorgie | Iran | Turquie
100%
BirmanieBangladesh | Chine | Inde | Laos | Thaïlande
100%
Pays-BasBelgique | Allemagne
100%
LuxembourgBelgique | France | Allemagne
100%
MexiqueBelize | Gautemala | Etats-Unis
100%
GuatemalaBelize | Salvador | Honduras | Mexique
100%
TogoBénin | Burkina Faso | Ghana
100%
NigeriaBénin | Cameroun | Tchad | Niger
100%
Burkina FasoBénin | Côte d'Ivoire | Ghana | Mali | Niger | Togo
100%
UkraineBiélorussie | Hongrie | Moldavie | Pologne | Roumanie | Russie | Slovaquie
100%
LituanieBiélorussie | Lettonie | Pologne | Russie
100%
ArgentineBolivie | Brésil | Chili | Paraguay | Uruguay
100%
CroatieBosnie-Herzégovine | Hongrie | Monténégro | Serbie | Slovénie
100%
Afrique du SudBotswana | Eswatini | Lesotho | Mozambique | Namibie | Zimbabwe
100%
VenezuelaBrésil | Colombie | Guyana
100%
ColombieBrésil | Équateur | Panama | Pérou | Venezuela
100%
SurinameBrésil | France | Guyana
100%
GuyanaBrésil | Suriname | Venezuela
100%
GhanaBurkina Faso | Côte d'Ivoire | Togo
100%
Côte d'IvoireBurkina Faso | Ghana | Guinée | Liberia | Mali
100%
RwandaBurundi | République démocratique du Congo | Tanzanie | Ouganda
100%
LaosCambodge | Chine | Birmanie | Thaïlande | Viêt Nam
100%
Viêt NamCambodge | Chine | Laos
100%
ThaïlandeCambodge | Laos | Malaisie | Birmanie
100%
Guinée équatorialeCameroun | Gabon
100%
TchadCameroun | République Centrafricaine | Libye | Niger | Nigeria | Soudan
100%
GabonCameroun | République du Congo | Guinée équatoriale
100%
République CentrafricaineCameroun | Tchad | République démocratique du Congo | République du Congo | Soudan du Sud | Soudan
100%
Etats-UnisCanada
100%
NépalChine | Inde
100%
AfghanistanChine | Iran | Pakistan | Tadjikistan | Turkménistan | Ouzbékistan
100%
KirghizistanChine | Kazakhstan | Tadjikistan | Ouzbékistan
100%
KazakhstanChine | Kirghizistan | Russie | Turkménistan | Ouzbékistan
100%
MongolieChine | Russie
100%
Corée du NordChine | Russie | Corée du Sud
100%
ÉquateurColombie | Pérou
100%
Corée du SudCorée du Nord
100%
Bosnie-HerzégovineCroatie | Monténégro | Serbie
100%
ÉthiopieDjibouti | Érythrée | Kenya | Somalie | Soudan du Sud | Soudan
100%
ÉrythréeDjibouti | Éthiopie | Soudan
100%
IsraëlÉgypte | Jordanie | Liban | Syrie
100%
DjiboutiÉrythrée | Éthiopie
100%
PortugalEspagne
100%
MozambiqueEswatini | Malawi | Afrique du Sud | Tanzanie | Zambie | Zimbabwe
100%
CanadaEtats-Unis
100%
KenyaÉthiopie | Somalie | Soudan du Sud | Tanzanie | Ouganda
100%
SuèdeFinlande | Norvège
100%
NorvègeFinlande | Suède | Russie
100%
MonacoFrance
100%
BelgiqueFrance | Allemagne | Luxembourg | Pays-Bas
100%
AndorreFrance | Espagne
100%
SénégalGambie | Guinée | Guinée-Bissau | Mali | Mauritanie
100%
AlbanieGrèce | Kosovo | Macédoine du Nord | Monténégro
100%
BulgarieGrèce | Macédoine du Nord | Roumanie | Serbie | Turquie
100%
SalvadorGuatemala | Honduras
100%
HondurasGuatemala | Salvador | Nicaragua
100%
Guinée-BissauGuinée | Sénégal
100%
République dominicaineHaïti
100%
BangladeshInde | Birmanie
100%
JordanieIrak | Israël | Arabie Saoudite | Syrie
100%
SyrieIrak | Israël | Jordanie | Liban | Turquie
100%
Arabie SaouditeIrak | Jordanie | Koweït | Oman | Qatar | Émirats arabes unis | Yémen
100%
IrakIran | Jordanie | Koweït | Arabie Saoudite | Syrie | Turquie
100%
Royaume-UniIrlande
100%
ÉgypteIsraël | Libye | Soudan
100%
LibanIsraël | Syrie
100%
Saint-MarinItalie
100%
CambodgeLaos | Thaïlande | Viêt Nam
100%
BiélorussieLettonie | Lituanie | Pologne | Russie | Ukraine
100%
EstonieLettonie | Russie
100%
AlgérieLibye | Mali | Mauritanie | Maroc | Niger | Tunisie
100%
BruneiMalaisie
100%
EswatiniMozambique | Afrique du Sud
100%
Costa RicaNicaragua | Panama
100%
FinlandeNorvège | Suède | Russie
100%
Émirats arabes unisOman | Arabie Saoudite
100%
YémenOman | Arabie Saoudite
100%
Soudan du SudRépublique Centrafricaine | République démocratique du Congo | Éthiopie | Kenya | Soudan | Ouganda
100%
SoudanRépublique Centrafricaine | Tchad | Égypte | Érythrée | Éthiopie | Libye | Soudan du Sud
100%
AngolaRépublique démocratique du Congo | République du Congo | Namibie | Zambie
100%
BurundiRépublique démocratique du Congo | Rwanda | Tanzanie
100%
HaïtiRépublique dominicaine
100%
GambieSénégal
100%
KosovoAlbanie | Monténégro | Macédoine du Nord | Serbie
75%
QatarArabie Saoudite
75%
SerbieBosnie-Herzégovine | Bulgarie | Croatie | Hongrie | Kosovo | Monténégro | Macédoine du Nord | Roumanie
75%
MauritanieAlgérie | Mali | Sénégal
67%
MalaisieBrunei | Indonésie | Thaïlande
67%
GuinéeCôte d'Ivoire | Guinée-Bissau | Liberia | Mali | Sénégal | Sierra Leone
67%
ZambieAngola | Botswana | République démocratique du Congo | Malawi | Mozambique | Namibie | Tanzanie | Zimbabwe
50%
Timor orientalIndonésie
50%
MalawiMozambique | Tanzanie | Zambie
50%
PakistanAfghanistan | Chine | Inde | Iran
0%
GrèceAlbanie | Bulgarie | Macédoine du Nord | Turquie
0%
MarocAlgérie | Mauritanie | Espagne
0%
FranceAndorre | Brésil | Belgique | Allemagne | Italie | Luxembourg | Monaco | Espagne | Suisse | Suriname
0%
EspagneAndorre | France | Portugal | Maroc
0%
ParaguayArgentine | Bolivie | Brésil
0%
AzerbaïdjanArménie | Géorgie | Iran | Russie | Turquie
0%
SuisseAutriche | France | Italie | Liechtenstein | Allemagne
0%
LettonieBiélorussie | Estonie | Lituanie | Russie
0%
PologneBiélorussie | République tchèque | Allemagne | Lituanie | Russie | Slovaquie | Ukraine
0%
PérouBolivie | Brésil | Chili | Colombie | Équateur
0%
ZimbabweBotswana | Mozambique | Afrique du Sud | Zambie
0%
RoumanieBulgarie | Hongrie | Moldavie | Serbie | Ukraine
0%
BéninBurkina Faso | Niger | Nigeria | Togo
0%
TanzanieBurundi | République démocratique du Congo | Kenya | Malawi | Mozambique | Rwanda | Ouganda | Zambie
0%
BhoutanChine | Inde
0%
PanamaColombie | Costa Rica
0%
NicaraguaCosta Rica | Honduras
0%
SomalieDjibouti | Éthiopie | Kenya
0%
BelizeGuatemala | Mexique
0%
LiberiaGuinée | Côte d'Ivoire | Sierra Leone
0%
Sierra LeoneGuinée | Liberia
0%
Papouasie-Nouvelle- GuinéeIndonésie
0%
KoweïtIrak | Arabie Saoudite
0%
VaticanItalie
0%
BotswanaNamibie | Afrique du Sud | Zambie | Zimbabawe
0%
CamerounRépublique Centrafricaine | Tchad | République du Congo | Guinée équatoriale | Gabon | Nigeria
0%
OugandaRépublique démocratique du Congo | Kenya | Rwanda | Soudan du Sud | Tanzanie
0%
AutricheRépublique tchèque | Allemagne | Hongrie | Italie | Liechtenstein | Slovaquie | Slovénie | Suisse
0%
MoldavieRoumanie | Ukraine
0%
IrlandeRoyaume-Uni
0%
IndonésieTimor oriental | Malaisie | Papouasie-Nouvelle- Guinée
0%

Distribution des résultats

Percentile par nombre de réponses

% des personnes avec chaque résultat

Votre développement - résultats

Vous n’avez pas pris ce quiz